ਜਥੇਦਾਰ ਗੁਰਚਰਨ ਸਿੰਘ ਟੋਹਰਾ (Record no. 1308522)

MARC details
000 -LEADER
fixed length control field 00909nam a22002057a 4500
005 - DATE AND TIME OF LATEST TRANSACTION
control field 20250408124528.0
008 - FIXED-LENGTH DATA ELEMENTS--GENERAL INFORMATION
fixed length control field 250408b |||||||| |||| 00| 0 eng d
037 ## - SOURCE OF ACQUISITION
Terms of availability TB
040 ## - CATALOGING SOURCE
Original cataloging agency CRL
Transcribing agency CRL
041 ## - LANGUAGE CODE
Source of code pun
Language code of text/sound track or separate title pun
084 ## - COLON CLASSIFICATION NUMBER
Classification number V243,4AN20 153R4
245 ## - TITLE STATEMENT
Title ਜਥੇਦਾਰ ਗੁਰਚਰਨ ਸਿੰਘ ਟੋਹਰਾ
Remainder of title :ਇਤੀਹਸਾਸਿਕ ਮੁਲਾਕਾਤਾਂ ਤੇ ਦਸਤਾਵੇਜ
260 ## - PUBLICATION, DISTRIBUTION, ETC.
Place of publication, distribution, etc. ਸੰਗਰੂਰ, ਭਾਰਤ:
Name of publisher, distributor, etc. ਰਿਥਿੰਕ ਬੂਕਸ,
Date of publication, distribution, etc. 2024.
300 ## - PHYSICAL DESCRIPTION
Extent 130 ਪ.
365 ## - TRADE PRICE
Price amount 299.00
Currency code INR
650 ## - SUBJECT ADDED ENTRY--TOPICAL TERM
Source of heading or term ਇਤਿਹਾਸ ਪੰਜਾਬ
650 ## - SUBJECT ADDED ENTRY--TOPICAL TERM
Topical term or geographic name entry element ਜਥੇਦਾਰ ਗੁਰਚਰਨ ਸਿੰਘ ਟੋਹਰਾ
9 (RLIN) 751919
942 ## - ADDED ENTRY ELEMENTS (KOHA)
Source of classification or shelving scheme Colon Classification (CC)
Koha item type Textbook
Classification part V243,4AN20 153R4
Suppress in OPAC No
Holdings
Withdrawn status Lost status Source of classification or shelving scheme Damaged status Not for loan Home library Current library Date acquired Source of acquisition Inventory number Total Checkouts Full call number Barcode Date last seen Price effective from Koha item type
    Colon Classification (CC)     Central Library Central Library 2025-04-08 ਐਚ. ਕੇ. ਪ੍ਰਕਾਸ਼ਨ 1693 & 27/01/2025   V243,4AN20 153R4 CL1682759 2025-04-08 2025-04-08 Textbook
Copyright @ Delhi University Library System